000 005590000a22001810004500
003 MACL
005 20160317121615.0
008 160317b xxu||||| |||| 00| 0 eng d
040 _aMACL
_cMACL
041 _aHindi
082 _a920
100 _aपरमेश्‍वर प्रसाद सिंह
_946834
245 _aझांसी की रानी
260 _bसाहित्‍य केन्‍द्र प्रकाशन
_c1987
_aदिल्‍ली
350 _a25
650 _aBiography
_946835
942 _cHIN
_k920
_2ddc
999 _c28915
_d28915